LEADER 02120nas a2200409 u 4500 001 000000001759 003 CaOOAMICUS 005 20070226104340.0 008 950522c19279999fr ar u0 u fre u 022 $a0373-5478 035 $a10043526 040 $aPUL$bita 041 0 $afre$aeng 130 0 $aArchives d'histoire doctrinale et littéraire du moyen age$g[Spogli].$0(OLS)http://pul/title/2643 210 0 $aArch. hist. doctrin. litt. m.-age 222 00$aArchives d'histoire doctrinale et littéraire du moyen age 245 10$aArchives d'histoire doctrinale et littéraire du moyen age. 260 $aParis :$bJ. Vrin,$c1927- 300 $av. :$btav. ;$c26 cm 310 $aAnnuale 362 0 $a1- année; 1926/27- 510 2 $aMLA international bibliography of books and articles on the modern languages and literatures (Complete edition)$x0024-8215 570 $aEditors: 1926- E. Gilson, G.Théry. 650 0$aPhilosophy, Medieval$xPeriodicals.$2//eng$0(OLS)http://pul/subject/1691 650 0$aTheology, Doctrinal$xHistory$yMiddle Ages, 600-1500$xPeriodicals.$2//eng$0(OLS)http://pul/subject/1692 650 0$aMiddle Ages$xHistory$xPeriodicals.$2//eng$0(OLS)http://pul/subject/391 700 1 $aGilson, Etienne,$d1884-1978.$0(OLS)http://pul/name/629 700 1 $aThéry, Gabriel,$cO.P.,$d1891-1959.$0(OLS)http://pul/name/1917 710 2 $aCentre national de la recherche scientifique (Francia).$0(OLS)http://pul/name/720 850 $aPUL 852 $aPUL$W1$xDP1 Riviste Correnti$y15$mDP1088-G$j2340$nSE-PRI$bv.2 (1926)-v.11 (1936), v.14 (1939), v.18 (1943), v.21 (1946)-v.33 (1958), v.35 (1960)-$qPeriodici$B2340$CPULBib$Z2$F2340 $82 941 1 $a5 996 $6022$a0373-5478$9(OLS)http://pul/number/2311 996 $6210$aArch. hist. doctrin. litt. m.-age$9(OLS)http://pul/title/2644 996 $6222$aArchives d'histoire doctrinale et littéraire du moyen age$9(OLS)http://pul/title/2645 996 $6245$aArchives d'histoire doctrinale et littéraire du moyen age$9(OLS)http://pul/title/2645 996 $6260$aParis :$bJ. Vrin$9(OLS)http://pul/publisher/48393 LEADER 01196nam a2200289 u 4500 001 000000064772 003 CaOOAMICUS 005 20070226121407.0 008 011123s1925 it u000 u ita u 035 $a10911222 040 $aPUL(R)$bita 041 1 $aita$heng 100 1 $aHill Green, Thomas.$0(OLS)http://pul/name/43742 245 10$aEtica :$b(Prolegomena to Ethics) /$cThomas Hill Green ; opera postuma a cura di A.C. Bradley, M.H. ; traduzione e introduzione di Cesare Goretti. 260 $aTorino :$bBocca,$c1925. 300 $a434 p. ;$c24 cm 490 1 $aBiblioteca di scienze moderne ;$v88 504 $aNote bibliografiche. 650 4$aEtica.$0(OLS)http://pul/subject/547 700 1 $aGoretti, Cesare.$0(OLS)http://pul/name/39301 700 1 $aBradley, Andrew Cecil,$d1851-1935.$0(OLS)http://pul/name/43743 830 0$aBiblioteca di scienze moderne.$0(OLS)http://pul/title/412 850 $aPUL 852 $aPUL$W1$xDP2 Filosofia 1$y62$m88 G 28$j83927$nBK-PRI$b $qStampati$B83927$CPULBib$Z2$F83927 $81 941 1 $a8 996 $6245$aEtica :$b(Prolegomena to Ethics)$9(OLS)http://pul/title/86269 996 $6260$aTorino :$bBocca$9(OLS)http://pul/publisher/48036